| 000 | 00983cam a2200313 4500 | ||
|---|---|---|---|
| 001 | 2184220 | ||
| 003 | OSt | ||
| 005 | 20120106124750.0 | ||
| 008 | 720320s1971 enk b 001 0 eng | ||
| 010 | _a 70889511 | ||
| 015 | _aB71-19039 | ||
| 020 | _a0420435204 | ||
| 040 |
_aDDC _cDDC _dDDC |
||
| 050 | 0 | 0 |
_aK3842 _b.F75 1971 |
| 082 | 0 | 0 | _a340.115 |
| 100 | 1 |
_aFriedmann, Wolfgang, _d1907-1972. _95747 |
|
| 245 | 1 | 4 |
_aThe state and the rule of law in a mixed economy, _cby W. Friedmann. |
| 260 |
_aLondon, _bStevens, _c1971. |
||
| 300 |
_avii, 104 p. _c23 cm. |
||
| 350 | _a£2.00 | ||
| 504 | _aIncludes bibliographical references. | ||
| 650 | 0 |
_aTrade regulation. _95748 |
|
| 650 | 0 |
_aRule of law. _95749 |
|
| 650 | 0 |
_aMixed economy. _95750 |
|
| 906 |
_a7 _bcbc _corignew _d3 _encip _f19 _gy-gencatlg |
||
| 942 |
_2ddc _cBK |
||
| 999 |
_c4793 _d4793 |
||